Получение порошка титана по фторидной технологии; Энергетика, электромеханика и энергоэффективные технологии глазами молодежи; Т. 1

Podrobná bibliografie
Parent link:Энергетика, электромеханика и энергоэффективные технологии глазами молодежи: сборник трудов Российской молодежной научной конференции, 3-4 декабря 2013 г., Томск/ Национальный исследовательский Томский политехнический университет (ТПУ).— , 2013
Т. 1.— 2013.— [С. 282-285]
Hlavní autor: Коровянский А. В.
Další autoři: Сачков В. И. Виктор Иванович, Макасеев Ю. Н.
Shrnutí:Заглавие с титульного экрана
Jazyk:ruština
Vydáno: 2013
Edice:Энергоэффективные технологии в электромеханике
Témata:
On-line přístup:http://www.lib.tpu.ru/fulltext/c/2013/C50/V1/075.pdf
Médium: MixedMaterials Elektronický zdroj Kapitola
KOHA link:https://koha.lib.tpu.ru/cgi-bin/koha/opac-detail.pl?biblionumber=604311

MARC

LEADER 00000naa2a2200000 4500
001 604311
005 20260206112359.0
035 |a (RuTPU)RU\TPU\conf\1582 
035 |a RU\TPU\conf\1580 
090 |a 604311 
100 |a 20140227d2013 k y0rusy50 ca 
101 0 |a rus 
102 |a RU 
135 |a drnn ---uucaa 
181 0 |a i  
182 0 |a b 
200 1 |a Получение порошка титана по фторидной технологии  |f А. В. Коровянский, В. И. Сачков, Ю. Н. Макасеев 
203 |a Текст  |c электронный 
225 1 |a Энергоэффективные технологии в электромеханике 
300 |a Заглавие с титульного экрана 
320 |a [Библиогр.: с. 285 (4 назв.)] 
337 |a Adobe Reader 
461 1 |0 (RuTPU)RU\TPU\conf\493  |t Энергетика, электромеханика и энергоэффективные технологии глазами молодежи  |o сборник трудов Российской молодежной научной конференции, 3-4 декабря 2013 г., Томск  |o в 2 т.  |f Национальный исследовательский Томский политехнический университет (ТПУ)  |d 2013 
463 1 |0 (RuTPU)RU\TPU\conf\494  |t Т. 1  |v [С. 282-285]  |d 2013 
610 1 |a труды учёных ТПУ 
610 1 |a электронный ресурс 
610 1 |a титан 
610 1 |a фторидная технология 
610 1 |a тетрафторид титана 
610 1 |a порошковая металлургия 
700 1 |a Коровянский  |b А. В. 
701 1 |a Сачков  |b В. И.  |c химик  |c доцент Томского политехнического университета, кандидат химических наук  |g Виктор Иванович  |3 (RuTPU)RU\TPU\pers\30611 
701 1 |a Макасеев  |b Ю. Н. 
801 2 |a RU  |b 63413507  |c 20140227  |g RCR 
856 4 |u http://www.lib.tpu.ru/fulltext/c/2013/C50/V1/075.pdf 
942 |c CF